LEADER 01264nam a2200301 u 4500 001 000000048675 003 CaOOAMICUS 005 20070226115027.0 008 980527s1979 it u000 u ita u 035 $a10848413 040 $aMSA$bita$dPUL(R) 100 1 $aBonnet, Piero Antonio.$0(OLS)http://pul/name/2831 245 11$a"Scuola e sgravio" e pluralismo scolastico /$cPiero Antonio Bonnet. 260 $aMilano :$bA. Giuffrè,$c1979. 300 $a89 p. ;$c25 cm 500 $aInclude indici. 504 $aBibliografia in nota. 650 4$aLegislazione scolastica$zItalia.$0(OLS)http://pul/subject/20542 650 4$aLibertà di educazione.$0(OLS)http://pul/subject/19335 850 $aPUL 852 $aPUL$W1$xSL Diritto e Scienze Sociali 1$y4$m176 H 43$j64799$nBK-PRI$b $qStampati$B64799$CPULBib$Z2$F64799 $H $81 852 $aPUL$W1$xDP1 Fondo Ciprotti$y59$m1544 C 40$j64800$nBK-PRI$b $qFondi$B64800$CPULBib$Z2$F64800 $H $81 941 1 $a8 941 1 $a1 961 $aINV: 73960 961 $aINV: F. Ciprotti 996 $6245$a"Scuola e sgravio" e pluralismo scolastico$9(OLS)http://pul/title/65582 996 $6260$aMilano :$bA. Giuffrè$9(OLS)http://pul/publisher/48096 LEADER 02311namaa2200433 i 4500 001 000000177697 003 CaOOAMICUS 005 20250424150329.0 007 tu 008 250424s20232024it 000 u ita r 020 $a978-88-15-38718-9*(v.1) 020 $a978-88-15-38734-9*(v.2) 040 $aPUL$bita$erda 082 0 $a347.4505 245 10$aDiritto processuale civile /$ca cura di Giuseppe Ruffini. 264 4$aBologna :$bIl Mulino,$c©2023- 300 $a3 volumi$c24 cm 336 $atesto$btxt$2rdacontent 337 $asenza mediazione$bn$2rdamedia 338 $avolume$bnc$2rdacarrier 490 1 $aManuali. Diritto ;$v 500 $aSulla copertina: Edizione digitale su Pandora campus. 505 0 $a1: La giustizia civile / Valentina Bertoldi, Marco Gradi, Giuseppe Ruffini ; [a cura di Giuseppe Ruffini]:-- 2: La giustizia consensuale e il processo di cognizione / a cura di Giuseppe Ruffini ; Valentina Bertoldi ... [et al.];--3: L' esecuzione forzata, i procedimenti speciali e l'arbitrato / a cura di Giuseppe Ruffini ; Fabio Cossignani ... [ et al.] 650 4$aDiritto processuale civile$zItalia.$0(OLS)http://pul/subject/38504 700 1 $aRuffini, Giuseppe,$d1960-,$ecuratore.$0(OLS)http://pul/name/88361 700 1 $aCossignani, Fabio,$eautore.$0(OLS)http://pul/name/114335 700 1 $aGradi, Marco,$d1978-,$eautore.$0(OLS)http://pul/name/114334 700 1 $aBertoldi, Valentina,$d1976-,$eautore.$0(OLS)http://pul/name/106791 830 0$aManuali (il Mulino).$pDiritto ;$v.$0(OLS)http://pul/title/144070 850 $aPUL 852 $aPUL$W1$xSL Diritto e Scienze Sociali 3$y79$m347. 4505 RUFGI 1.1$j201633$qDDC 21$B206675$CPULBib$Z2$F206675 $H137795 $82 852 $aPUL$W1$xSL Diritto e Scienze Sociali 3$y79$m347. 4505 RUFGI 1.2$j201634$qDDC 21$B206676$CPULBib$Z2$F206676 $H137796 $82 941 1 $a9 996 $6020$a978-88-15-38718-9*(v.1)$9(OLS)http://pul/number/170305 996 $6020$a978-88-15-38734-9*(v.2)$9(OLS)http://pul/number/170306 996 $6082$a347.4505$9(OLS)http://pul/classification/2032 996 $6245$aDiritto processuale civile$9(OLS)http://pul/title/54747 996 $6264$aBologna :$bIl Mulino$9(OLS)http://pul/publisher/47928